| 000 | 00935nam a2200229 a 4500 | ||
|---|---|---|---|
| 001 | 000857084 | ||
| 003 | AM-YeHGA | ||
| 005 | 20250617162227.0 | ||
| 008 | 111228s1950 ||||||||||||||||||||rus d | ||
| 040 | _aAM-YeHGA | ||
| 041 | 0 | _arus | |
| 245 | 0 | 0 |
_aНовообразования органов мочевой и мужской половой систем : _bКлиника и лечение / _cПод ред. И.Н. Шапиро; Сост. Б.В. Ключарев и др. . |
| 260 |
_aЛенинград : _bМедгиз. Ленингр. отд-ние, _c1950. |
||
| 300 |
_a207 с. : _bил. |
||
| 650 | 1 | 4 | _aОнкология |
| 650 | 1 | 4 | _aОпухоли почек |
| 650 | 1 | 4 | _aОпухоли мочевого пузыря |
| 650 | 1 | 4 | _aАденома предстательной железы |
| 700 | 1 |
_aШапиро, И.Н. _eред. _4edt |
|
| 700 | 1 |
_aКлючарев, Б.В. _eсост. _4com |
|
| 090 | _c488739 | ||
| 999 |
_c485370 _d485370 |
||